UM Logo

Johnny Tremain : (Record no. 905)

MARC details
000 -LEADER
fixed length control field 00674nam a22001817a 4500
008 - FIXED-LENGTH DATA ELEMENTS--GENERAL INFORMATION
fixed length control field 160204b xxu||||| |||| 00| 0 eng d
020 ## - INTERNATIONAL STANDARD BOOK NUMBER
International Standard Book Number 0395067669
082 ## - DEWEY DECIMAL CLASSIFICATION NUMBER
Edition number 1943
Classification number DK12 973.3
Item number F692
100 ## - MAIN ENTRY--PERSONAL NAME
9 (RLIN) 2420
Personal name Forbes, Esther.
245 ## - TITLE STATEMENT
Title Johnny Tremain :
Remainder of title a story of Boston in revolt /
Statement of responsibility, etc. Esther Forbes; illustrated by Lynd Ward.
260 ## - PUBLICATION, DISTRIBUTION, ETC. (IMPRINT)
Place of publication, distribution, etc. Boston :
Name of publisher, distributor, etc. Houghton Mifflin Company,
Date of publication, distribution, etc. c1943.
300 ## - PHYSICAL DESCRIPTION
Extent 256 pages :
Other physical details illustrations ;
Dimensions 21 cm.
521 ## - TARGET AUDIENCE NOTE
Target audience note
650 #0 - SUBJECT ADDED ENTRY--TOPICAL TERM
9 (RLIN) 2422
Topical term or geographic name as entry element United States
Form subdivision Juvenile fiction
General subdivision History
Chronological subdivision 1775-1783, Revolution
650 #0 - SUBJECT ADDED ENTRY--TOPICAL TERM
9 (RLIN) 2423
Topical term or geographic name as entry element United States
Form subdivision Fiction
General subdivision History
Chronological subdivision 1775-1783, Revolution
700 ## - ADDED ENTRY--PERSONAL NAME
9 (RLIN) 2425
Personal name Ward, Lynd., ill.
942 ## - ADDED ENTRY ELEMENTS (KOHA)
Source of classification or shelving scheme Dewey Decimal Classification
Koha item type Circulation
Holdings
Withdrawn status Lost status Source of classification or shelving scheme Damaged status Not for loan Collection code Home library Current library Date acquired Source of acquisition Total Checkouts Full call number Barcode Date last seen Copy number Price effective from Koha item type
    Dewey Decimal Classification     K-12 UM Digos College - LIC UM Digos College - LIC 08/12/2015 Purchased   DK12 973.3 F693 1943 23191 05/15/2025 1 02/04/2016 Circulation